| 000 -ლიდერი |
| ფიქსირებული სიგრძის საკონტროლო ველი |
01012nam a2200241Ia 4500 |
| 001 - საკონტროლო ნომერი |
| საკონტროლო ველი |
424 |
| 003 - საკონტროლო ნომრის იდენტიფიკატორი |
| საკონტროლო ველი |
GE_BSU |
| 005 - ბოლო ოპერაციის თარიღი და დრო |
| საკონტროლო ველი |
20200128162246.0 |
| 008 - ფიქსირებული სიგრძის მონაცემთა ელემენტები - ზოგადი ინფორმაცია |
| ფიქსირებული სიგრძის საკონტროლო ველი |
181216s1994||||ge |||||||||||||| ||geo|| |
| 020 ## - წიგნის საერთაშორისო სტანდარტული ნომერი |
| International Standard Book Number |
5511006157 |
| 040 ## - კატალოგიზაციის წყარო |
| Transcribing agency |
GE_BSU |
| 041 ## - ენის კოდი |
| Language code of text/sound track or separate title |
geo |
| 080 ## - უნივერსალური ათობითი კლასიფიკაციის ინდექსი |
| Universal Decimal Classification number |
338.22 რ-86 |
| 100 ## - მთავარი ჩანაწერი - პიროვნების სახელი |
| Personal name |
როუზენი, ჰარი |
| 9 (RLIN) |
6448 |
| 245 ## - ცნობა სათაურის შესახებ |
| Title |
გახდი მილიონერი : |
| Remainder of title |
ამერიკული გზა / |
| Statement of responsibility, etc |
ჰარი როუზენი; მთარგმნ.: ნანული არევაძე, ნანა ადეიშვილი. |
| 264 ## - წარმოების, გამოცემის, დისტრიბუციის და სხვა ცნობები |
| გამოცემის, წარმოების, დისტრიბუციის... ადგილი |
თბილისი : |
| გამოცემის, წარმოების, დისტრიბუციის... სახელწოდება |
სიახლე, |
| გამოცემის, წარმოების, დისტრიბუციის... თარიღი |
1994. |
| 300 ## - ფიზიკური აღწერა |
| Extent |
102 გვ. |
| Other physical details |
20სმ. |
| 653 ## - INDEX TERM--UNCONTROLLED |
| Uncontrolled term |
ეკონომიკა |
| 653 ## - INDEX TERM--UNCONTROLLED |
| Uncontrolled term |
ამერიკული ბიზნესი |
| 700 ## - ADDED ENTRY--PERSONAL NAME |
| Personal name |
არევაძე, ნანული |
| Relator term |
მთარგმნელი |
| 9 (RLIN) |
6449 |
| 700 ## - ADDED ENTRY--PERSONAL NAME |
| Personal name |
ადეიშვილი, ნანა |
| Relator term |
მთარგმნელი |
| 9 (RLIN) |
6450 |
| 942 ## - ADDED ENTRY ELEMENTS (KOHA) |
| Koha item type |
წიგნი |
| Source of classification or shelving scheme |
|